[Event "HCL-A2508"]
[Site "www.playchess.de"]
[Date "2006.01.06"]
[Round "2"]
[White "willem199"]
[Black "pawnstorm"]
[WhiteElo "1426"]
[BlackElo "1502"]
[PlyCount "70"]
[Result "0-1"]

1.d4 {Good luck}  Nf6 {Same to you :-)}  2.c4 c5 
3.e3 cxd4 4.exd4 e6 5.Nc3 Bb4 6.Bd2 O-O 7.Nf3 d5 
8.a3 Be7 9.h3 b6 10.Be2 dxc4 11.Bxc4 Nc6 12.O-O 
Bb7 13.Bg5 Na5 14.Be2 Nd5 15.Nxd5 Bxg5 16.Nxg5 
Qxg5 17.Ne3 Rfd8 18.Bf3 Qf4 19.Bxb7 Nxb7 20.d5 
exd5 21.g3 Qf6 22.Qb3 Nc5 23.Qc2 d4 24.Ng4 Qg5 
25.f4 Qd5 26.Rad1 d3 27.Qg2 d2 28.Qxd5 Rxd5 29.Ne3 
Rd3 30.Kf2 Rad8 31.Rfg1 g6 32.Nc4 Ne4+ 33.Ke2 
Nxg3+ 34.Rxg3 Rxg3 35.Nxd2 Rxh3 0-1

[Event "HCL-E1473"]
[Site "www.playchess.de"]
[Date "2006.01.06"]
[Round "20"]
[White "pj287"]
[Black "Josef1901"]
[WhiteElo "1713"]
[BlackElo "1567"]
[PlyCount "117"]
[Result "1-0"]

1.e4 {Hello again. Have a good game.}  c5 {hi! 
Good luck and have fun}  2.c4 d6 3.Nf3 Nc6 4.Nc3 
e6 5.d3 Nf6 6.Be2 Be7 7.O-O O-O 8.b3 Nd4 9.Bb2 a6 
10.Nxd4 cxd4 11.Nb1 e5 12.f4 Bd7 13.f5 b5 14.Nd2 
Bc6 15.Rc1 Rc8 16.Rc2 bxc4 17.Rxc4 Bb5 18.Rxc8 
Qxc8 19.Qb1 Nd7 20.Rc1 Qb7 21.Nf3 Rc8 22.Rxc8+ 
Qxc8 23.a4 Bc6 24.Qc2 Bb7 25.Qxc8+ Bxc8 26.Bd1 Nc5 
27.Bc2 Kf8 {(offering draw)}  28.Ba3 {Not yet. 
Maybe later.}  Bd7 {ok}  29.Bxc5 dxc5 30.Nxe5 Be8 
31.Nf3 f6 32.Kf2 Bh5 33.Nd2 Bf7 34.g4 g5 35.fxg6 
hxg6 36.h4 Be6 37.Kf3 Kf7 38.Nf1 Bd6 39.Ng3 Kg7 
40.h5 Kh6 41.hxg6 Kxg6 42.Nf5 Bf8 43.Bd1 Bxf5 
44.exf5+ Kf7 45.Ke4 Ke7 46.Kd5 Kd7 47.Kc4 Kd6 
48.b4 cxb4 49.Kxb4 Kc6+ 50.Kc4 Bc5 51.Bf3+ Kd6 
52.a5 Ba7 53.Bb7 Ke5 54.Bxa6 Kf4 55.Kd5 Kxg4 
56.Ke6 Kg5 57.Bb7 Bc5 {(offering draw)}  58.Be4 
{Not yet. I think white has a won game( white's 
last move will allow the king to escort the 
a-pawn).}  Ba7 {I think the same :-)}  
59.a6 1-0

[Event "HCL-M846"]
[Site "www.playchess.de"]
[Date "2006.01.06"]
[Round "10"]
[White "AraujoHS"]
[Black "BDG_Girl"]
[WhiteElo "1953"]
[BlackElo "2062"]
[PlyCount "24"]
[Result "0-1"]

1.c4 {Hi! Wish you good games! :)}  Nf6 {Hello and 
good luck!}  2.g3 e6 3.Bg2 d5 4.cxd5 exd5 5.Nf3 
Be7 6.O-O O-O 7.d3 Re8 8.Nbd2 Nc6 9.b3 Bf5 10.Bb2 
Qd7 11.Rc1 Bh3 {Merry Christmas and may God Bless 
you and your family!}  12.Qc2 {Thx! Wish you the 
same ;)}  Bxg2 0-1

[Event "HCL-E1480"]
[Site "www.playchess.de"]
[Date "2006.01.06"]
[Round "35"]
[White "bobp"]
[Black "alldrix"]
[WhiteElo "1864"]
[BlackElo "1723"]
[PlyCount "47"]
[Result "1-0"]

1.d4 e6 2.Nf3 f5 3.Bg5 Be7 4.Bxe7 Qxe7 5.Qd3 Nf6 
6.Nbd2 O-O 7.e3 b6 8.Be2 Bb7 9.O-O d6 10.Qb3 Kh8 
11.a4 Nbd7 12.a5 a6 13.Ng5 Nd5 14.Ndf3 h6 15.Nh3 
b5 16.c4 N5f6 17.cxb5 Bd5 18.Qa3 axb5 19.Nf4 Kh7 
20.Nxd5 Nxd5 21.Bxb5 Rfb8 22.Bc6 Ra6 23.Bxd5 exd5 
24.Qd3 1-0

[Event "HCL-A2448"]
[Site "www.playchess.de"]
[Date "2006.01.06"]
[Round "8"]
[White "Jule"]
[Black "Genesio"]
[WhiteElo "1385"]
[BlackElo "1080"]
[PlyCount "85"]
[Result "1-0"]

1.d4 d5 {Welcome!}  2.c4 {Hello and good luck to 
shis game too}  c6 3.c5 Bf5 4.Nf3 Nf6 5.e3 e6 
6.Be2 Be7 7.O-O O-O 8.Nc3 b5 9.b4 a5 10.bxa5 Rxa5 
11.Bd2 b4 12.Na4 Na6 13.Ne5 Qc7 14.a3 Rb8 15.Bxa6 
Rxa6 16.axb4 Rba8 17.Qb3 Ne4 18.Rfd1 Nxd2 19.Rxd2 
f6 20.Nf3 g5 21.Raa2 g4 22.Nh4 Be4 23.Nc3 R6xa2 
24.Nxa2 f5 25.g3 Bxh4 26.gxh4 Qe7 27.Nc3 Ra1+ 
28.Rd1 Rxd1+ 29.Qxd1 Bf3 30.Qf1 Qxh4 31.Nb1 Kg7 
{(offering draw)}  32.Nd2 Kf6 33.b5 g3 34.Nxf3 
gxh2+ 35.Nxh2 Qg5+ 36.Kh1 Kg6 37.bxc6 Qd8 38.Qa6 
Qb8 39.Kg2 Kf6 40.Qb6 Qc8 41.Nf3 Qg8+ 42.Kf1 Qg4 
43.Ke2 {I wish happy Chritsmas.All your wishes ´ld 
like to arrive you and your family} 
 1-0

[Event "HCL-B3729"]
[Site "www.playchess.de"]
[Date "2006.01.06"]
[Round "21"]
[White "epenz"]
[Black "benace"]
[WhiteElo "1005"]
[BlackElo "1647"]
[PlyCount "25"]
[Result "1-0"]

1.e4 g6 2.Nf3 c5 3.d3 Bg7 4.Be3 Qc7 5.c3 Nc6 6.Qd2 
Nf6 7.Be2 a6 8.O-O h5 9.h3 d5 10.e5 Nxe5 11.Nxe5 
Qxe5 12.d4 Qc7 13.Qc2 1-0

[Event "HCL-A2529"]
[Site "www.playchess.de"]
[Date "2006.01.06"]
[Round "8"]
[White "Matu"]
[Black "CYTO"]
[WhiteElo "1499"]
[BlackElo "1307"]
[PlyCount "83"]
[Result "1-0"]

1.e4 c5 {Hello again!}  2.c3 {hello and good luck} 
 d6 3.f4 d5 4.e5 g6 5.d4 e6 6.Nf3 cxd4 7.cxd4 Bb4+ 
8.Bd2 Qa5 9.Bxb4 Qxb4+ 10.Qd2 Nc6 11.Qxb4 Nxb4 
12.Kd2 Ne7 13.a3 Nbc6 14.b4 a6 15.g4 Bd7 16.h4 
O-O-O 17.Nc3 Kb8 18.b5 axb5 19.Nxb5 Na5 20.Nd6 
Rhf8 21.Rb1 Nec6 22.Ke3 h6 23.h5 gxh5 24.Rxh5 Bc8 
25.Rxh6 Nc4+ 26.Bxc4 dxc4 27.Nxc4 Bd7 28.Nd6 Na5 
29.Nd2 Bc6 30.N2c4 Nxc4+ 31.Nxc4 Bd5 32.Nd6 Kc7 
33.Rh7 Rd7 34.g5 Re7 35.g6 Kd8 36.Rxf7 Rexf7 
37.gxf7 Ke7 38.Rg1 Ra8 39.Rg8 Rxa3+ 40.Kd2 Ra2+ 
41.Kc1 Ra4 42.f8Q+ 1-0

[Event "HCL-A2434"]
[Site "www.playchess.de"]
[Date "2006.01.06"]
[Round "10"]
[White "carbug"]
[Black "knightprancer"]
[WhiteElo "1506"]
[BlackElo "1301"]
[PlyCount "133"]
[Result "1-0"]

1.e4 {Good game to you, knight}  e6 {cheers 
mate,all the best !}  2.d4 d5 {carbug ,do you play 
on other chess sites ? i've played on ICC internet 
chess club on and off since 1996.I enjoy this 
format better.}  3.Nd2 {knight, I played yahoo and 
game colony some. I played itsyourturn, but 
playchess is much better.  I'll always pay my USCF 
dues, and always be a member here, I suppose.}  c5 
{I like this site aswell ,i've played alot of good 
people on here,thats all I want.}  4.Ngf3 {This 
site, OTB club play, occasional tournament, that's 
what I want, along with study.}  Qb6 {you like to 
play e4 e5 2. Bc4. I've seen that played before 
but I don't know the name of that opening ? Myself 
,I often play the Stonewall Attack 1.d4 d5  2.e3 
Nf6 3.Bd3 as white and as black the Fr Defense as 
in this gm.}  5.exd5 {Bishops. It is aggressive, 
not commonly played, and offers lots of tactic 
possibilities.  I played the Stonewall in college, 
and have thought of returning to it at club 
level.}  exd5 {The Stonewall can change into the 
Colle or the Torre opening if need be.The 
Stonewall is weak if it is confronted with an e5 
push.An emergency plan is needed in the case.}  
6.Qe2+ {The main idea here, is to have an opening 
repetoire, as you.}  Be7 {Do you read many chess 
books or magazines such as Chess Life ? I enjoy 
Andrew Soltis's books and I.A. Horowitz with Fred 
Reinfeld working together.I also enjoy chess 
biograghies.}  7.dxc5 {I knew your authors when 
you mentioned the stonewall.  I like history of 
chess too.}  Qxc5 {As black the stonewall can be 
played aswell but I find it to be complicated so I 
avoid it.The opening is called the Dutch 
Stonewall.I have o book on it written by Schiller 
but I have a difficult time understanding his 
approach .}  8.Nb3 Qb6 {how are you tonight or 
should I say this morning ?}  9.Be3 {All fine 
tonite. Ck out our club site www.geocities.com/nelsoncountychessclub. 
I am the club director.}  Qd8 {thanks I'll do 
that}  10.Qb5+ {Reads like you are into the books, 
for sure. Have you checked out the Romans or 
Polgar DVD's?  Also many chess training programs 
available too.}  Nc6 {yes I enjoy chess books,I 
have about 30 plus about that many chess mags 
also.No I don't have any books or DVD's by them 
thoogh I have two vidios on chess .One by GM 
Daniel King- Endings-the Essentials and the other 
is called 21st Century Secret Weapons}  11.O-O-O 
{I prefer 'layering'; mixing OTB play (tactile) 
with reading (visual) and with DVD's (audio & 
visual). I almost never play against a computer, 
but analyze ALL my important games (those I lost), 
and use programs for training, as time permits.}  
Nf6 {Do you like the Fritz chess program or Chess 
Master ?}  12.Nfd4 {Fritz and Chessbase programs.} 
 Qb6 {Doesn't Fritz do different impersonations ? 
That program can be silly at times can't it ? ! Do 
you know who created the Fritz program ?}  13.Qxb6 
{Fritz is by Chessbase.  It has 2nd CD that has 
voices, etc, which I don't use.  I use Fritz to 
analyze, keep my games, set up opening trees for 
my prefered openings and such. I hear Chessmaster 
is very good also.}  axb6 {I've never used chess 
programs ,some of my friends do and their chess 
playing has showed a steady improvement.}  14.Kb1 
{That's why there are 300+ GM's today, and 
in
The Match 1972, there were only 65 or so.}  O-O 
{Hmmm,intresting ! It's amazing to see the new 
wave of GM's being so young when they attained 
their GM title .Fischer shocked the world at his 
young age of 17 something acheiving GM title .Who 
is the youngest now ,I can't keep up with the kids 
these days.}  15.f3 Nxd4 16.Bxd4 {Nakamura is the 
one to watch.}  Bf5 {Nakamura is he from Japan 
,i've not heard of him before ?}  17.Bxb6 {Young 
US Champion, breaking almost all age related 
records of Fischer's. Brilliant GM, likely Super 
GM soon.}  Rac8 {Who is the world champion these 
days ? I don't see anyone holding onto it for more 
then a year or two .The players for the most part 
are very equal in playing strengths.}  18.Bd3 
{Kramnik is FIDE champ, beating Kasparov a few yrs 
back.  Topolov thinks he's champ after Argentina 
Tournament last month.}  Bd7 {Hmm I thought the 
two different world titles merged into one but I 
guess that didn't happen.}  19.Nd4 Bc5 20.Bxc5 
Rxc5 21.g4 b5 22.Rhe1 b4 23.Nb3 Rc7 24.Bf1 Ba4 
25.h4 Rfc8 26.Bd3 g6 27.Rd2 Bxb3 28.cxb3 Ra8 
29.Bb5 Rca7 30.Ba4 Kg7 31.Rd4 h5 32.Rxb4 hxg4 
33.fxg4 Ne4 34.Rc1 Nd2+ 35.Ka1 Nf3 36.h5 Ne5 
37.hxg6 Kxg6 38.Rb5 Rd8 39.Rd1 Rc7 40.a3 Nxg4 
41.Rdxd5 Rxd5 42.Rxd5 f6 43.Be8+ Kg7 44.Rd7+ Rxd7 
45.Bxd7 Ne5 46.Bf5 Kf7 47.b4 Ke7 48.b5 Kd6 49.b3 
Kc5 50.a4 Kb6 51.Kb2 Nf3 52.Kc3 Nh4 53.Be6 f5 
54.Kd3 f4 55.Ke2 Ng6 56.Kf3 Ka5 57.Bf5 Ne7 58.Kxf4 
Nd5+ 59.Ke5 Nb4 60.Bb1 {I've got you now.  It's 
been a good game, and you hold true to your member 
page remarks.  Play out for awhile if you like.  
I'll see you again soon, I hope.}  Na6 {hmm i 
ooverlooked that move ,you played that well !}  
61.bxa6 {Tks, Knight. Saw you kicked back into B, 
but obviously only for short-term. You'll finish 
ok here, and are making Saemi pull his hair...and 
he's one of the most steady A players.}  Kxa6 
{thanks for the kind words of encouragement ! My 
biggest handicap is that I mainly play the 
Stonewall Attack as white and it can unravel 
pretty quickly at times ,though it can also be a 
ton of excitement when things go well !}  62.Kd5 
Ka5 {you have a very good chance of winning this 
tournament and being promoted ! All the best to 
you.}  63.Kc5 {I'll be in E sooner or later, but 
to stay there is another matter! I would 
appreciate it if you continue to pound Saemi, tho, 
for I have a vested interest.}  Ka6 {lol ,i'll 
give it my best shot .}  64.Bd3+ Kb7 65.Kb5 Ka7 
66.Be4 Kb8 67.Ka6 1-0

[Event "HCL-M848"]
[Site "www.playchess.de"]
[Date "2006.01.06"]
[Round "12"]
[White "AJT"]
[Black "Shevarnadse"]
[WhiteElo "1938"]
[BlackElo "1951"]
[PlyCount "70"]
[Result "0-1"]

1.d4 {best of luck, greetings}  Nf6 {Hi! Thank 
you! Good Luck You}  2.c4 {thx}  g6 3.Nf3 Bg7 
4.Nc3 d5 5.Bg5 Ne4 6.cxd5 Nxc3 7.bxc3 Qxd5 8.e3 
Bg4 9.h3 Qxg5 10.Nxg5 Bxd1 11.Rxd1 e5 12.Bc4 O-O 
13.Rb1 b6 14.h4 h6 15.Nf3 Nd7 16.h5 g5 17.Bb5 
{edik and u are twins, lol}  Rad8 {No, we are 
freinds and work together. And Viktor work with 
throuth as  :))}  18.Bxd7 {ah i see. Nice to have 
such good friends. Playing over the board too in 
competition?}  Rxd7 {Yes, and strongest at us 
Edik. And still is DIG :)}  19.Nxe5 {Glad to hear 
;) Always a pleasure to play u guys.}  Bxe5 {:)}  
20.dxe5 {:)}  Rfd8 21.Rh3 R7d2 22.a4 Ra2 23.Rg3 
Rdd2 24.Rf3 Kg7 25.Rc1 Rd5 26.Rf5 Rxa4 27.c4 Rd7 
28.g4 a5 29.Rc2 Ra1+ 30.Ke2 {(offering draw)}  a4 
31.Rf6 {if we draw  we have room for another 
tgournament and can we finish this one. Think  of 
it}  a3 32.Kf3 {get lost}  Rb1 33.Ra2 {shit 
cheater}  Rd3 34.Rc6 Rb2 35.Ra1 
a2 0-1

[Event "HCL-E1530"]
[Site "www.playchess.de"]
[Date "2006.01.06"]
[Round "19"]
[White "hakam_kilani"]
[Black "Emerson"]
[WhiteElo "2000"]
[BlackElo "1811"]
[PlyCount "78"]
[Result "0-1"]

1.e4 e5 2.Nf3 Qe7 {hello and welcome from Germany 
to Jordan! I have an uncle from Ramallah, who 
studied in Aachen(Germany) and married my aunt...} 
 3.Bc4 d6 4.h3 {hello and i hope u make good game} 
 h6 {:-))}  5.d4 c6 6.dxe5 dxe5 7.Nc3 Nf6 8.Be3 g5 
9.Qd2 Bg7 10.O-O-O O-O 11.Nh2 b5 12.Bd3 Be6 13.h4 
Nh7 14.hxg5 hxg5 15.Nf3 f6 16.Rh2 Rd8 17.Rdh1 Nf8 
18.Ne2 c5 19.Qa5 c4 20.Ng3 cxd3 21.Nh5 Rc8 22.c3 
b4 23.Nxg7 Kxg7 24.Bxg5 bxc3 25.bxc3 Qc7 26.Qxc7+ 
Rxc7 27.Bh6+ Kf7 28.Kd2 Bxa2 29.Kxd3 a5 30.Nd2 Nc6 
31.f4 Rd8+ 32.Kc2 Nb4+ 33.Kd1 Rxc3 34.fxe5 fxe5 
35.Bxf8 Kxf8 36.R2h8+ Bg8 37.g4 Nd3 38.R8h2 Rc1+ 
39.Ke2 Nf4+ 0-1

[Event "HCL-C3955"]
[Site "www.playchess.de"]
[Date "2006.01.06"]
[Round "1"]
[White "Djusta"]
[Black "papolo"]
[WhiteElo "1337"]
[BlackElo "800"]
[PlyCount "45"]
[Result "1-0"]

1.e4 e5 2.Nf3 f6 3.d4 f5 4.dxe5 c5 5.exf5 Ne7 
6.Bd3 b6 7.Nc3 Rg8 8.O-O Bb7 9.Bg5 h6 10.Bxe7 Bxe7 
11.Re1 Nc6 12.Be4 Qc8 13.Qd2 Nb4 14.a3 Nc6 15.Red1 
g5 16.f6 Bf8 17.Bxc6 dxc6 18.Qe3 g4 19.Nh4 h5 
20.e6 c4 21.f7+ Ke7 22.fxg8Q c5 
23.Qf7+ 1-0

[Event "HCL-A2547"]
[Site "www.playchess.de"]
[Date "2006.01.06"]
[Round "10"]
[White "scaper"]
[Black "Hort_BR"]
[WhiteElo "1319"]
[BlackElo "1698"]
[PlyCount "89"]
[Result "0-1"]

1.e4 c5 {hi good game 4 u}  2.b3 {4 u too! how is 
the short form for "too" ?
}  d6 3.Bb2 Nc6 {The}  4.Bb5 Bd7 5.Be2 e5 6.Nf3 
Nge7 7.Nc3 a6 8.O-O g6 9.Nd5 Bg7 10.a3 O-O 11.Ne1 
f5 12.Bc4 Kh8 13.f4 fxe4 14.Nxe7 Qxe7 15.d3 exd3 
16.Nxd3 exf4 17.Bxg7+ Kxg7 18.Qd2 Qe3+ 19.Qf2 
Qxf2+ 20.Rxf2 g5 21.Re1 Rae8 22.Rfe2 Rxe2 23.Rxe2 
Re8 24.Rf2 Ne5 25.Nxe5 dxe5 26.Rd2 Bf5 27.Rd5 Re7 
28.Rxc5 Bxc2 29.b4 Bg6 30.Rc8 e4 31.Be2 Be8 32.Rc5 
Kf6 33.Kf1 Bc6 34.b5 axb5 35.Bxb5 Bxb5+ 36.Rxb5 
Rc7 37.a4 Rd7 38.Ke2 e3 39.g3 Rd2+ 40.Ke1 f3 
41.Rb6+ Kf5 42.Rb5+ Kg4 43.Rb4+ Kh3 44.Rxb7 Kg2 
45.Rb2 0-1

[Event "HCL-A2544"]
[Site "www.playchess.de"]
[Date "2006.01.06"]
[Round "20"]
[White "lunchpail"]
[Black "mitke"]
[WhiteElo "1315"]
[BlackElo "1337"]
[PlyCount "51"]
[Result "1-0"]

1.d4 Nf6 {Hello froma Croatia}  2.Nd2 g6 3.e4 
{hello from canada}  d6 4.f4 Bg7 5.Ngf3 O-O 6.c3 
c5 7.e5 Nd5 8.Ne4 b6 9.Bc4 Bb7 10.O-O Kh8 11.Qe2 
f5 12.Neg5 Qd7 13.Bd2 a6 14.Qf2 h6 15.e6 Qc8 
16.Nf7+ Kg8 17.Rae1 b5 18.Bb3 c4 19.Bc2 Nc7 20.Qh4 
Nxe6 21.Nxh6+ Bxh6 22.Qxh6 Kf7 23.Qh7+ Ng7 24.Ng5+ 
Kf6 25.Rxe7 Kxe7 26.Qxg7+ 1-0

[Event "HCL-B3801"]
[Site "www.playchess.de"]
[Date "2006.01.06"]
[Round "6"]
[White "haidi"]
[Black "ariel1978"]
[WhiteElo "861"]
[BlackElo "1332"]
[PlyCount "32"]
[Result "0-1"]

1.e4 e6 2.e5 Nc6 3.Nf3 Nge7 4.d4 Nd5 5.Bb5 a6 
6.Bxc6 bxc6 7.c4 Nb6 8.Qb3 c5 9.O-O Bb7 10.Be3 
Bxf3 11.gxf3 cxd4 12.Bxd4 Rb8 13.Nc3 Nd5 14.Qc2 
Nf4 15.b3 Qg5+ 16.Kh1 Qg2+ 0-1

[Event "HCL-C4008"]
[Site "www.playchess.de"]
[Date "2006.01.06"]
[Round "1"]
[White "albertopv"]
[Black "leety"]
[WhiteElo "800"]
[BlackElo "800"]
[PlyCount "37"]
[Result "1-0"]

1.e4 c5 2.Nf3 d6 3.Nc3 e6 4.Bc4 Nd7 5.O-O Nb6 
6.Bb5+ Bd7 7.a4 Nf6 8.d4 a6 9.Bxd7+ Nfxd7 10.d5 
exd5 11.exd5 Qc7 12.Re1+ Be7 13.Qe2 Nc8 14.Nh4 O-O 
15.Nf5 Ne5 16.Qe3 Bf6 17.Ne4 Qd8 18.f4 Qd7 
19.Nxf6+ 1-0

[Event "HCL-B3719"]
[Site "www.playchess.de"]
[Date "2006.01.06"]
[Round "6"]
[White "ciceradecarvalho"]
[Black "ama49"]
[WhiteElo "1316"]
[BlackElo "1199"]
[PlyCount "57"]
[Result "1-0"]

1.e4 {Good game. From Rio de Janeiro - Brazil}  e5 
{Greetings from Scotland - what happened to your 
photo on your web page?}  2.Nf3 {I do not want to 
show my photo}  Nc6 {ok!}  3.Bb5 a6 4.Ba4 b5 5.Bb3 
h6 6.O-O Nf6 7.Re1 Bc5 8.h3 O-O 9.c3 d6 10.d4 exd4 
11.cxd4 Bb6 12.d5 Ne7 13.Qc2 Bb7 14.Nc3 c5 15.a3 
c4 16.Ba2 Ng6 17.Bb1 Nf4 18.Bxf4 Re8 19.Nd2 Nxd5 
20.Nxd5 Bxd5 21.Kf1 Bc6 22.e5 dxe5 23.Qh7+ Kf8 
24.Qh8+ Ke7 25.Rxe5+ Kf6 26.Rf5+ Ke6 27.Qxg7 Re7 
28.Rf6+ Kd7 29.Bf5+ 1-0

[Event "HCL-B3771"]
[Site "www.playchess.de"]
[Date "2006.01.06"]
[Round "24"]
[White "newplayer"]
[Black "ama49"]
[WhiteElo "1113"]
[BlackElo "1193"]
[PlyCount "119"]
[Result "1-0"]

1.e4 e5 2.Nc3 Nc6 3.Nd5 d6 4.Bb5 Bd7 5.d3 Nf6 
6.Bg5 Be7 7.Nxe7 Qxe7 8.Bxc6 Bxc6 9.Bxf6 Qxf6 
10.Nh3 O-O 11.O-O h6 12.c3 Rad8 13.f3 a6 14.f4 
exf4 15.Rxf4 Qe5 16.d4 Qe7 17.d5 Bb5 18.Qh5 Bd3 
19.Nf2 Bc4 20.b3 Bb5 21.a4 Be8 22.Qh3 Qg5 23.Nd3 
f6 24.g3 Bd7 25.Qg2 Qh5 26.g4 Qg6 27.h3 c6 28.c4 
c5 29.h4 Qf7 30.Raf1 Rde8 31.g5 hxg5 32.hxg5 f5 
33.exf5 Qh5 34.R1f3 Rf7 35.Nf2 Ref8 36.f6 g6 
37.Ne4 Bf5 38.Nxd6 Rh7 39.Nxf5 gxf5 40.R4xf5 Kf7 
41.Re5 Kg6 42.d6 Rhf7 43.Re7 Qxg5 44.Rg3 Qxg3 
45.Qxg3+ {happy 2006}  Kxf6 46.Rxf7+ Kxf7 {HapPy 
New Year}  47.d7 Rd8 48.Qc7 {thanks :-)}  Ke7 
49.Qxb7 Rxd7 50.Qxa6 Rc7 51.a5 Kd7 52.Qb6 Rc6 
53.Qb5 Kc7 54.Qa4 Ra6 55.Qb5 Rc6 56.a6 Rg6+ 57.Kf2 
Rf6+ 58.Ke2 Re6+ 59.Kd2 Rd6+ 60.Kc3 1-0

[Event "HCL-A2534"]
[Site "www.playchess.de"]
[Date "2006.01.06"]
[Round "5"]
[White "seisan"]
[Black "dynamike"]
[WhiteElo "1491"]
[BlackElo "1475"]
[PlyCount "63"]
[Result "1-0"]

1.e4 c5 2.c3 Nc6 3.d4 cxd4 4.cxd4 d5 5.e5 e6 6.Nc3 
Nge7 7.Nf3 Nf5 8.Bb5 a6 9.Bxc6+ bxc6 10.O-O c5 
11.Re1 Rb8 12.Rb1 Qb6 13.Ne2 c4 14.Be3 Nxe3 
15.fxe3 Be7 16.Nc3 O-O 17.Qc2 f5 18.b3 Qa5 19.Ne2 
Bd7 20.Nf4 Rfc8 21.Qf2 cxb3 22.axb3 Rc3 23.h4 
Rbxb3 24.Rxb3 Rxb3 25.Ng5 Bxg5 26.hxg5 Qb6 27.Qh4 
a5 28.g6 h6 29.Qe7 Qb4 30.Qd8+ Qf8 31.Qxd7 Rb6 
32.Rc1 1-0

[Event "HCL-B3759"]
[Site "www.playchess.de"]
[Date "2006.01.06"]
[Round "26"]
[White "bossjos"]
[Black "GCP"]
[WhiteElo "1262"]
[BlackElo "1459"]
[PlyCount "55"]
[Result "1-0"]

1.e4 d6 2.d4 Nf6 3.Nc3 g6 4.Bg5 Bg7 5.Nf3 O-O 
6.Bd3 h6 7.Bh4 Bg4 8.h3 Bxf3 9.Qxf3 Nc6 10.Qe3 e5 
11.g4 exd4 12.Qf3 dxc3 13.bxc3 Ne5 14.Qe2 Nxd3+ 
15.cxd3 d5 16.e5 Re8 17.O-O d4 18.Qf3 Rxe5 19.cxd4 
Rd5 20.Rab1 Rxd4 21.Rxb7 Rxd3 22.Qg2 g5 23.Bg3 Nd5 
24.Qe4 Nf4 25.Bxf4 gxf4 26.Qxf4 Rxh3 27.Rxc7 Qh4 
28.Qxf7+ 1-0

[Event "HCL-B3774"]
[Site "www.playchess.de"]
[Date "2006.01.06"]
[Round "19"]
[White "nichju"]
[Black "GMO"]
[WhiteElo "1007"]
[BlackElo "1312"]
[PlyCount "80"]
[Result "0-1"]

1.e4 e5 2.Nf3 Bd6 3.Bc4 h6 4.Nc3 Nf6 5.d3 O-O 
6.Be3 Re8 7.d4 exd4 8.Bxd4 c5 9.Be3 Nxe4 10.Nh4 
Qxh4 11.g3 Nxc3 12.gxh4 Nxd1 13.Rxd1 Be5 14.Bxc5 
Bd4+ 15.Kf1 Bxc5 16.Rd5 b6 17.Rf5 Re7 18.Rg1 d6 
19.Rh5 Kf8 20.Rg3 Ba6 21.Bxa6 Nxa6 22.f4 Nb4 23.f5 
f6 24.a3 Nxc2 25.b4 Re1+ 26.Kg2 Bd4 27.Kh3 Re3 
28.Rxe3 Bxe3 29.b5 Nxa3 30.Kg3 Nxb5 31.Kf3 Bc5 
32.Ke4 Re8+ 33.Kd5 Kg8 34.Kc6 Nd4+ 35.Kd7 Re5 
36.Kd8 Rxf5 37.Rxf5 Nxf5 38.h5 a5 39.h4 Kf7 40.Kd7 
a4 0-1

[Event "HCL-B3813"]
[Site "www.playchess.de"]
[Date "2006.01.06"]
[Round "10"]
[White "kolmar"]
[Black "maus"]
[WhiteElo "1501"]
[BlackElo "1297"]
[PlyCount "62"]
[Result "0-1"]

1.e4 e5 2.Nf3 d6 3.Bc4 h6 4.Nc3 Nf6 5.d3 Bg4 6.h3 
Bh5 7.Be3 Nbd7 8.g4 Bg6 9.Nh4 Bh7 10.Qd2 Nxe4 
11.Nxe4 Qxh4 12.O-O-O c6 13.Ng3 d5 14.Bb3 d4 
15.Bxd4 exd4 16.Qf4 Qg5 17.Qxg5 hxg5 18.Rde1+ Be7 
19.Nh5 Kf8 20.f4 g6 21.Ng3 gxf4 22.Rhf1 Bg5 23.Ne4 
f6 24.Nd6 Bg8 25.Bxg8 Kxg8 26.Nxb7 Rxh3 27.Nd6 f3+ 
28.Kd1 Be3 29.Ne4 Kg7 30.Rfh1 Rxh1 31.Rxh1 
Ne5 0-1

[Event "HCL-C4070"]
[Site "www.playchess.de"]
[Date "2006.01.06"]
[Round "10"]
[White "Kelthek"]
[Black "IRONMAIDEN"]
[WhiteElo "589"]
[BlackElo "1382"]
[PlyCount "78"]
[Result "0-1"]

1.e4 e5 2.Nf3 Nc6 3.Nc3 Nf6 4.d3 Bb4 5.Bd2 O-O 
6.g3 d6 7.Bg2 Bg4 8.O-O Qd7 9.Qe1 a5 10.Nd5 Nxd5 
11.exd5 Bxd2 12.Qxd2 Nd4 13.Qe3 Nxc2 14.Qg5 Nxa1 
15.Rxa1 h6 16.Qe3 Bxf3 17.Qxf3 Ra6 18.Qh5 f5 
19.Qg6 Rf6 20.Qh5 Rb6 21.b3 Qb5 22.Rc1 Qxd3 
23.Qe8+ Rf8 24.Qd7 Rb5 25.Qe6+ Rf7 26.Qe8+ Rf8 
27.Qh5 f4 28.Bf3 e4 29.Rd1 Qxf3 30.Qxf3 exf3 
31.Rd3 fxg3 32.hxg3 Rf5 33.Kf1 Rbxd5 34.Rxd5 Rxd5 
35.Ke1 c5 36.a3 a4 37.b4 c4 38.b5 c3 39.Kf1 
Rd1+ 0-1

[Event "HCL-A2524"]
[Site "www.playchess.de"]
[Date "2006.01.06"]
[Round "4"]
[White "Enibus"]
[Black "alvimrf"]
[WhiteElo "1700"]
[BlackElo "1775"]
[PlyCount "22"]
[Result "0-1"]

1.e3 c5 {Hi, Greatings from Brasil!}  2.d4 d5 
3.dxc5 e5 4.b4 Nc6 5.a3 Nf6 6.f4 exf4 7.exf4 Qe7+ 
8.Ne2 a5 9.bxa5 Qxc5 10.c3 Ne4 11.Nd4 
Nxc3 0-1